Statistics for Water Type Pokemon Moves

Click here to take the quiz!

General Stats

  • This quiz has been taken 113 times
  • The average score is 27 of 44

Answer Stats

HintAnswer% Correct
WWater Gun
96%
HHydro Pump
94%
BBubble
90%
BBubble Beam
88%
SSurf
88%
AAqua Jet
87%
AAqua Ring
87%
HHydro Cannon
87%
DDive
85%
WWaterfall
84%
WWater Pulse
82%
AAqua Tail
76%
MMuddy Water
76%
RRain Dance
76%
WWater Spout
76%
WWhirlpool
75%
WWithdraw
74%
SScald
71%
LLiquidation
68%
RRazor Shell
68%
WWater Sport
66%
WWater Pledge
65%
WWater Shuriken
65%
CCrabhammer
63%
SSparkling Aria
57%
BBrine
56%
OOrigin Pulse
53%
CClamp
51%
HHydro Vortex
51%
SSnipe Shot
50%
SSoak
50%
OOceanic Operetta
47%
OOctazooka
47%
MMax Geyser
40%
SSteam Eruption
38%
FFlip Turn
37%
FFishious Rend
35%
LLife Dew
34%
BBouncy Bubble
29%
SSplishy Splash
25%
SSurging Strikes
25%
GG-Max Stonesurge
22%
GG-Max Foam Burst
21%
GG-Max Rapid Flow
16%

Score Distribution

Percentile by Number Answered

Percent of People with Each Score

Your Score History

You have not taken this quiz